000 00748nam a22002657a 4500
003 UA-OsUOA
001 86325
007 ta
008 20120830b un ||||| |||| 00| 0 ukr d
100 _aБех П.О.
090 _a811.111(075.8)
_bБ55
942 _cBK
040 _aUA-OsUOA
_bukr
_cUA-OsUOA
_dUA-OsUOA
245 _aАнглійська мова
_bнавчальний посібник
300 _a272 с.
955 _a2
041 _aukr
080 _a811.111(075.8)
020 _a5-325-0041-0
260 _aКиїв
_bЛибідь
_c1997
044 _aUA
250 _n4-те вид.
650 7 _a8 Мовознавство. Художня література. Літературознавство
_2UDC
999 _c372699
_d372699